000 00636nam a2200229Ia 4500
003 OSt
005 20220926011533.0
006 a|||||r|||| 00| 0
007 ta
008 220923b |||||||| |||| 00| 0 eng d
037 _cGeneral Book
040 _aRTL
_cRTL
_beng
041 _2eng
_aeng
082 _aYk, LO/TD
100 _aTheodorson George A
_9314462
245 0 _aModern dictionar of sociology.
260 _aNew York
_c1969
300 _avii,469p
_ccm.
700 _a Theodorson Achilles G
_9314463
942 _hYk, LO/TD
_cGB
_2CC
999 _c620391
_d620391